[Event "DM Hurtigskak 2012"]
[Site "Middelfart"]
[Date "2012.09.30"]
[Round "1"]
[White "Andersen, Lars Ren"]
[Black "Glud, Jakob Vang"]
[Result "0-1"]
[WhiteElo "2141"]
[BlackElo "2506"]
[PlyCount "136"]
[EventDate "2012.??.??"]

1. c4 e6 2. g3 d5 3. Bg2 Nf6 4. Nf3 Be7 5. O-O O-O 6. d4 c6 7. Nc3 b6 8. b3 Ba6
9. Nd2 b5 10. c5 b4 11. Na4 Nbd7 12. Nf3 Ne4 13. Bb2 Bb5 14. Re1 f5 15. e3 Bf6
16. Rc1 Qc7 17. Ba1 g5 18. Nd2 e5 19. f3 Nxd2 20. Qxd2 a5 21. Nb2 e4 22. fxe4
fxe4 23. Bf1 Bxf1 24. Rxf1 Bg7 25. Qe2 Nf6 26. Rf5 h6 27. Rcf1 Rf7 28. g4 Raf8
29. Nd1 Qc8 30. Bb2 Nh7 31. Rxf7 Rxf7 32. Rxf7 Kxf7 33. Nf2 Nf8 34. Nh1 Ng6 35.
Ng3 Nh4 36. Kh1 Nf3 37. Nf5 Bf8 38. h3 h5 39. Kg2 h4 40. Bc1 Qa8 41. Bd2 Be7
42. Be1 Bd8 43. Nd6+ Ke6 44. Nf5 Bc7 45. Ng7+ Kd7 46. Nf5 a4 47. Bxb4 axb3 48.
axb3 Qa1 49. Qf1 Qb2+ 50. Qf2 Qxb3 51. Be1 Qd1 52. Bb4 Qb1 53. Bc3 Qc1 54. Bb4
Kc8 55. Ne7+ Kb7 56. Nf5 Kc8 57. Ne7+ Kd7 58. Nf5 Kd8 59. Nd6 Bxd6 60. cxd6 Kd7
61. Bc5 Qd1 62. Bb4 Ke6 63. Bc5 Qb3 64. Qe2 Qa4 65. Qb2 Ne1+ 66. Kh2 Qc2+ 67.
Qxc2 Nxc2 68. Bb6 Kd7 0-1

[Event "DM Hurtigskak 2012"]
[Site "Middelfart"]
[Date "2012.09.30"]
[Round "1"]
[White "Pedersen, Nicolai Vesterbaek"]
[Black "Vovk, Oksana"]
[Result "1-0"]
[WhiteElo "2440"]
[BlackElo "2136"]
[PlyCount "95"]
[EventDate "2012.??.??"]

1. d4 Nf6 2. c4 e6 3. Nc3 Bb4 4. Nf3 c5 5. g3 d5 6. cxd5 Nxd5 7. Bd2 cxd4 8.
Nxd5 Bxd2+ 9. Qxd2 Qxd5 10. Qxd4 Qxd4 11. Nxd4 Bd7 12. Bg2 Nc6 13. Nxc6 Bxc6
14. Bxc6+ bxc6 15. Rc1 Rc8 16. Rc4 Ke7 17. e4 e5 18. Ke2 Rhd8 19. Rhc1 Rd6 20.
Ra4 Rc7 21. Rc5 f6 22. h4 Rcd7 23. Rc2 Ke6 24. Ra6 Rc7 25. Rc4 Kd7 26. Rca4 Rd4
27. Rxd4+ exd4 28. b4 Kc8 29. Kd3 Kb7 30. Ra5 Rd7 31. Rc5 Kb6 32. a4 a6 33. g4
Kc7 34. b5 axb5 35. axb5 Rd6 36. bxc6 Rxc6 37. Kxd4 Kd6 38. Rxc6+ Kxc6 39. f4
g6 40. g5 fxg5 41. hxg5 Kd6 42. f5 gxf5 43. exf5 Ke7 44. Ke5 Kf7 45. Kd6 Kg7
46. Ke7 h5 47. gxh6+ Kxh6 48. f6 1-0

[Event "DM Hurtigskak 2012"]
[Site "Middelfart"]
[Date "2012.09.30"]
[Round "1"]
[White "Jensen, Jacob Bjerre"]
[Black "Pedersen, Steffen"]
[Result "0-1"]
[WhiteElo "2097"]
[BlackElo "2415"]
[PlyCount "48"]
[EventDate "2012.??.??"]

1. d4 Nf6 2. c4 e6 3. Nf3 Bb4+ 4. Nbd2 c5 5. e3 O-O 6. Bd3 d5 7. O-O cxd4 8.
exd4 dxc4 9. Nxc4 Nc6 10. Nce5 Bd7 11. Nxd7 Qxd7 12. Bg5 Rfd8 13. Bb5 Qd5 14.
Bxc6 bxc6 15. Rc1 Bd6 16. Qe2 h6 17. Bxf6 gxf6 18. Rc3 Rab8 19. a3 Rb3 20. Rfc1
Rdb8 21. Qe3 Kg7 22. Nd2 Rxc3 23. bxc3 Qg5 24. Nc4 Bf4 0-1

[Event "DM Hurtigskak 2012"]
[Site "Middelfart"]
[Date "2012.09.30"]
[Round "1"]
[White "Skytte, Rasmus"]
[Black "Quist, Viggo Bove"]
[Result "1-0"]
[WhiteElo "2396"]
[BlackElo "2095"]
[PlyCount "55"]
[EventDate "2012.??.??"]

1. e4 c6 2. d4 d5 3. Nc3 b5 4. a3 dxe4 5. Nxe4 Nd7 6. c4 bxc4 7. Bxc4 Ngf6 8.
Nxf6+ Nxf6 9. Nf3 Ba6 10. Qa4 Bxc4 11. Qxc6+ Nd7 12. Qxc4 Rc8 13. Qa4 Qc7 14.
O-O e6 15. Bg5 f6 16. Rac1 Qb7 17. Rxc8+ Qxc8 18. Rc1 Qb8 19. Qa6 Nb6 20. Be3
Kf7 21. Rc6 Be7 22. b4 Rd8 23. Qd3 Qb7 24. b5 g6 25. Bd2 Rd5 26. h4 a6 27. Qe4
Bd6 28. Rxd6 1-0

[Event "DM Hurtigskak 2012"]
[Site "Middelfart"]
[Date "2012.09.30"]
[Round "1"]
[White "Wilton, Lars"]
[Black "Bromann, Thorbjorn"]
[Result "0-1"]
[WhiteElo "2082"]
[BlackElo "2361"]
[PlyCount "58"]
[EventDate "2012.??.??"]

1. d4 g6 2. Nf3 Bg7 3. g3 Nf6 4. Bg2 O-O 5. O-O d6 6. c4 Nc6 7. Nc3 a6 8. h3
Rb8 9. d5 Na5 10. b3 c5 11. dxc6 bxc6 12. Bd2 Bf5 13. Nd4 Bd7 14. e4 c5 15. Nc2
Nc6 16. Be3 Qc8 17. Kh2 Ng4+ 18. hxg4 Bxc3 19. Rc1 Bxg4 20. Bf3 Bd7 21. Bh6 Re8
22. Qd3 Bh8 23. Be2 a5 24. Rb1 a4 25. f4 axb3 26. axb3 Ra8 27. f5 Ra2 28. Kh1
Ne5 29. Qd1 Bc6 0-1

[Event "DM Hurtigskak 2012"]
[Site "Middelfart"]
[Date "2012.09.30"]
[Round "1"]
[White "Boe, Mads"]
[Black "Dalsberg, Sandra de Blecourt"]
[Result "1-0"]
[WhiteElo "2356"]
[BlackElo "2039"]
[PlyCount "125"]
[EventDate "2012.??.??"]

1. e4 e6 2. d4 d5 3. e5 c5 4. c3 Nc6 5. Be3 Qb6 6. Qd2 Bd7 7. Nf3 Rc8 8. Be2 f6
9. O-O cxd4 10. cxd4 fxe5 11. dxe5 Bc5 12. Bxc5 Qxc5 13. Nc3 Nh6 14. Rac1 Qe7
15. Bd3 O-O 16. Rfe1 Nf5 17. a3 Kh8 18. Nb5 a6 19. Bxf5 axb5 20. Bh3 b4 21.
axb4 Nxb4 22. Nd4 Na6 23. g3 Nc5 24. Qe3 Ne4 25. f3 Ng5 26. Bg2 h6 27. f4 Nh7
28. Rxc8 Rxc8 29. Rc1 Rxc1+ 30. Qxc1 Qb4 31. Qc3 Qb6 32. h4 Nf8 33. Kh2 Ng6 34.
Bh3 Ne7 35. Bg2 g6 36. b4 Kh7 37. Qc5 Qxc5 38. bxc5 Nc6 39. Nxc6 Bxc6 40. Bh3
Bd7 41. Kg2 Kg7 42. Kf2 Kf7 43. Ke3 Bc6 44. Kd4 Ke7 45. Bf1 Kd8 46. g4 Kc7 47.
Bd3 Be8 48. f5 gxf5 49. gxf5 Bf7 50. f6 Kc6 51. Bc2 b6 52. Ba4+ b5 53. Bc2 Bh5
54. Bh7 Bf7 55. Bc2 Bh5 56. Bb3 Bf7 57. Ba2 b4 58. Bb3 Kb5 59. Bc2 Bh5 60. Ba4+
Kxa4 61. c6 b3 62. Kc3 Ka3 63. Kd4 1-0

[Event "DM Hurtigskak 2012"]
[Site "Middelfart"]
[Date "2012.09.30"]
[Round "1"]
[White "Jensen, Poul Grydholt"]
[Black "Kristensen, Kaare Hove"]
[Result "0-1"]
[WhiteElo "2034"]
[BlackElo "2339"]
[PlyCount "70"]
[EventDate "2012.??.??"]

1. e4 c5 2. Nf3 d6 3. c3 Nf6 4. Be2 Nc6 5. d4 cxd4 6. cxd4 Nxe4 7. d5 Qa5+ 8.
Nc3 Nxc3 9. bxc3 Ne5 10. Nxe5 dxe5 11. O-O e6 12. d6 Qc5 13. a4 Qxd6 14. Qb3
Qc7 15. Bb5+ Bd7 16. Bxd7+ Qxd7 17. Rd1 Qc6 18. a5 Bc5 19. Ba3 O-O 20. Bxc5
Qxc5 21. Qxb7 Rab8 22. Qf3 Rfd8 23. a6 Rxd1+ 24. Rxd1 Qb6 25. Qe2 Rc8 26. h3 h6
27. Rd7 Rxc3 28. Qxe5 Rc1+ 29. Kh2 Qxf2 30. Qe4 Qg1+ 31. Kg3 Rc3+ 32. Kh4 g6
33. Qa8+ Kg7 34. Qxa7 Qe1+ 35. Kg4 Qg3# 0-1

[Event "DM Hurtigskak 2012"]
[Site "Middelfart"]
[Date "2012.09.30"]
[Round "1"]
[White "Sloth, Jorn"]
[Black "Knudsen, Jesper"]
[Result "1-0"]
[WhiteElo "2337"]
[BlackElo "1999"]
[PlyCount "73"]
[EventDate "2012.??.??"]

1. c4 e5 2. Nc3 Nc6 3. Nf3 g6 4. d4 exd4 5. Nxd4 Bg7 6. Nxc6 dxc6 7. Qxd8+ Kxd8
8. Bg5+ f6 9. O-O-O+ Bd7 10. Bf4 Ne7 11. e4 Kc8 12. c5 b5 13. a4 a6 14. Be2 Rd8
15. Rd2 Be6 16. Rxd8+ Kxd8 17. Rd1+ Kc8 18. Kc2 g5 19. Bg3 f5 20. f3 Ng6 21.
exf5 Bxf5+ 22. Bd3 Bxd3+ 23. Rxd3 Bxc3 24. Kxc3 bxa4 25. Rd4 Ne7 26. Rxa4 Nd5+
27. Kd4 Kd7 28. Be5 Rb8 29. Ke4 Rb4+ 30. Rxb4 Nxb4 31. Kf5 Nd3 32. Bd4 Ne1 33.
Kxg5 Nxg2 34. Bf2 Ke6 35. f4 h6+ 36. Kg4 Kd5 37. Kf3 1-0

[Event "DM Hurtigskak 2012"]
[Site "Middelfart"]
[Date "2012.09.30"]
[Round "1"]
[White "Rosenberg, Jan"]
[Black "Dyrgaard, Kristoffer"]
[Result "0-1"]
[WhiteElo "1910"]
[BlackElo "2201"]
[PlyCount "48"]
[EventDate "2012.??.??"]

1. d4 Nf6 2. Nf3 g6 3. Bf4 Bg7 4. Nbd2 d5 5. e3 O-O 6. c3 b6 7. h3 c5 8. Bd3
Ba6 9. Bxa6 Nxa6 10. Qe2 Nc7 11. Ne5 Ne4 12. O-O-O Ne6 13. Bh2 Nd6 14. Kb1 cxd4
15. cxd4 b5 16. Nc6 Qd7 17. Nb4 Nc4 18. Nb3 Rfc8 19. Nd3 a5 20. Nbc5 Nxc5 21.
Nxc5 Rxc5 22. dxc5 Nxb2 23. Rc1 Nc4 24. Qd3 Qf5 0-1

[Event "DM Hurtigskak 2012"]
[Site "Middelfart"]
[Date "2012.09.30"]
[Round "2"]
[White "Glud, Jakob Vang"]
[Black "Fries Nielsen, Niels Jorgen"]
[Result "1/2-1/2"]
[WhiteElo "2506"]
[BlackElo "2295"]
[PlyCount "107"]
[EventDate "2012.??.??"]

1. c4 g6 2. g3 Bg7 3. Bg2 e6 4. Nf3 Ne7 5. O-O O-O 6. d4 d5 7. Na3 Nbc6 8. e3
a6 9. b3 e5 10. dxe5 Nxe5 11. Nxe5 Bxe5 12. Rb1 Bf5 13. Bb2 Bxb1 14. Bxe5 Be4
15. f3 Bf5 16. g4 Nc6 17. Bb2 Be6 18. c5 Qe7 19. b4 f6 20. Nc2 Rad8 21. a3 Ne5
22. Bd4 Nc6 23. Ba1 Ne5 24. g5 Bf5 25. gxf6 Rxf6 26. Nd4 Bd3 27. Re1 Bc4 28.
Qd2 Rdf8 29. f4 Nd3 30. Re2 c6 31. Bf1 Re8 32. Qc3 Ref8 33. h3 h6 34. Kh2 Kh7
35. Qd2 Ne5 36. Rf2 Bxf1 37. Rxf1 Nc4 38. Qd3 Qxe3 39. Qxe3 Nxe3 40. Re1 Nf5
41. Ne6 Rxe6 42. Rxe6 d4 43. Kg2 Rd8 44. Kf2 Kg7 45. Ke2 Kf7 46. Re5 Kf6 47.
Kd3 g5 48. Re4 gxf4 49. Rxf4 Kg5 50. Rg4+ Kh5 51. Rf4 Rd5 52. Rg4 Re5 53. Bxd4
Rd5 54. a4 1/2-1/2

[Event "DM Hurtigskak 2012"]
[Site "Middelfart"]
[Date "2012.09.30"]
[Round "2"]
[White "Andersen, Jackie"]
[Black "Pedersen, Nicolai Vesterbaek"]
[Result "1/2-1/2"]
[WhiteElo "2333"]
[BlackElo "2440"]
[PlyCount "82"]
[EventDate "2012.??.??"]

1. d4 Nf6 2. Nf3 e6 3. Bf4 c5 4. e3 Nc6 5. c3 Nh5 6. Bg3 Nxg3 7. hxg3 Qb6 8.
Qc2 g6 9. Nbd2 d5 10. a3 Bd7 11. Be2 Rc8 12. Qb1 Bg7 13. Ng5 cxd4 14. exd4 e5
15. dxe5 Nxe5 16. O-O O-O 17. a4 Bf5 18. Qa2 d4 19. a5 Qd8 20. Nge4 Be6 21. Qa3
dxc3 22. bxc3 f5 23. Nc5 Rxc5 24. Qxc5 Qxd2 25. Rfe1 a6 26. Rad1 Qg5 27. Rd4
Nf7 28. Rdd1 f4 29. Qb6 Bc8 30. Bc4 fxg3 31. fxg3 Bxc3 32. Bxf7+ Rxf7 33. Re8+
Kg7 34. Rxc8 Qxg3 35. Qd8 Qe3+ 36. Kh1 Qh6+ 37. Kg1 Qe3+ 38. Kh1 Qh6+ 39. Kg1
Qe3+ 40. Kh1 Qh6+ 41. Kg1 Qe3+ 1/2-1/2

[Event "DM Hurtigskak 2012"]
[Site "Middelfart"]
[Date "2012.09.30"]
[Round "2"]
[White "Pedersen, Steffen"]
[Black "Rewitz, Poul"]
[Result "1-0"]
[WhiteElo "2415"]
[BlackElo "2235"]
[PlyCount "52"]
[EventDate "2012.??.??"]

1. d4 Nf6 2. c4 e6 3. Nc3 Bb4 4. e3 O-O 5. Nge2 c5 6. a3 Bxc3+ 7. Nxc3 b6 8. d5
d6 9. Be2 e5 10. O-O Bf5 11. g4 Bg6 12. f4 exf4 13. exf4 h6 14. f5 Bh7 15. Bf4
Ne8 16. Qd2 Nd7 17. Ne4 Qe7 18. Bd3 Ne5 19. Rae1 Nxg4 20. Qg2 Bxf5 21. Nxd6
Bxd3 22. Rxe7 Bxf1 23. Qxg4 Bd3 24. Bxh6 Bg6 25. Nxe8 Raxe8 26. Bg5 Rd8 1-0

[Event "DM Hurtigskak 2012"]
[Site "Middelfart"]
[Date "2012.09.30"]
[Round "2"]
[White "Skovgaard, Peter Nicolai"]
[Black "Skytte, Rasmus"]
[Result "1-0"]
[WhiteElo "2293"]
[BlackElo "2396"]
[PlyCount "113"]
[EventDate "2012.??.??"]

1. e4 c5 2. Nf3 Nc6 3. Nc3 e6 4. d4 cxd4 5. Nxd4 Qc7 6. Be3 a6 7. Be2 b5 8. O-O
Bb7 9. Nxc6 Bxc6 10. Bf3 Nf6 11. Re1 Bd6 12. Nd5 exd5 13. exd5 O-O 14. dxc6
Bxh2+ 15. Kh1 Be5 16. Bc5 Rfd8 17. Be7 dxc6 18. Bxd8 Rxd8 19. Qe2 Bxb2 20. Rad1
Rf8 21. Qe7 Qa5 22. Bxc6 g6 23. Re3 b4 24. Rf3 Kg7 25. Rd6 Qh5+ 26. Kg1 Ng4 27.
Rh3 Qf5 28. Rd2 Bd4 29. Rf3 Qc5 30. Qe4 Bxf2+ 31. Rfxf2 Nxf2 32. Rxf2 f5 33.
Qe6 Rf6 34. Qd7+ Rf7 35. Qd5 Qxd5 36. Bxd5 Rd7 37. Bb3 a5 38. Re2 Ra7 39. Re6
a4 40. Bc4 Rc7 41. Bd3 Rd7 42. Rb6 Rd4 43. Kf2 f4 44. Ke2 Kh6 45. Ra6 a3 46.
Ra7 Rd6 47. Rb7 Rd4 48. Kf3 Kg5 49. Rxh7 b3 50. axb3 Rd6 51. Ra7 Re6 52. Rxa3
Re3+ 53. Kf2 Kh5 54. Ra8 Kh4 55. Rh8+ Kg4 56. Rg8 g5 57. b4 1-0

[Event "DM Hurtigskak 2012"]
[Site "Middelfart"]
[Date "2012.09.30"]
[Round "2"]
[White "Bromann, Thorbjorn"]
[Black "Pedersen, Gunnar"]
[Result "1-0"]
[WhiteElo "2361"]
[BlackElo "2217"]
[PlyCount "93"]
[EventDate "2012.??.??"]

1. c4 e6 2. g3 d5 3. Bg2 Nf6 4. Nf3 c6 5. O-O Nbd7 6. b3 Bd6 7. Bb2 O-O 8. d3
Qe7 9. Qc2 Re8 10. a3 e5 11. e3 a5 12. cxd5 Nxd5 13. Nbd2 f6 14. e4 Nc7 15. d4
Nb5 16. Nc4 Nxd4 17. Nxd4 exd4 18. Nxd6 Qxd6 19. Qc4+ Kh8 20. Qxd4 Qxd4 21.
Bxd4 c5 22. Bc3 Ne5 23. Rfd1 Be6 24. Rab1 Nc6 25. Bf1 Rad8 26. Rdc1 Nd4 27.
Bxa5 Ra8 28. b4 Nb3 29. Rc3 Nd2 30. Rd1 Nxe4 31. Re3 f5 32. Bg2 Bg8 33. Rde1
cxb4 34. Bxb4 Rec8 35. g4 Nf6 36. Bxb7 Nxg4 37. Re7 Rd8 38. Bxa8 Rxa8 39. Re8
Ra6 40. Rf8 Rg6 41. f3 Nf6+ 42. Kf2 h5 43. Bc3 Nd5 44. Ree8 Nf6 45. Bxf6 Rxf6
46. Rxg8+ Kh7 47. Rgf8 1-0

[Event "DM Hurtigskak 2012"]
[Site "Middelfart"]
[Date "2012.09.30"]
[Round "2"]
[White "Skaanning Pedersen, Kim Henrik"]
[Black "Boe, Mads"]
[Result "1/2-1/2"]
[WhiteElo "2225"]
[BlackElo "2356"]
[PlyCount "61"]
[EventDate "2012.??.??"]

1. d4 f5 2. g3 Nf6 3. Bg2 e6 4. Nf3 Be7 5. O-O O-O 6. c4 d6 7. b4 Qe8 8. Bb2
Nbd7 9. Nbd2 d5 10. Qb3 c6 11. b5 Ne4 12. e3 Bd6 13. Ba3 Qe7 14. Bxd6 Qxd6 15.
a4 Ndf6 16. Ra2 Bd7 17. Ne5 Be8 18. Nxe4 Nxe4 19. f3 Nf6 20. bxc6 Bxc6 21. Rb2
dxc4 22. Nxc4 Qe7 23. Ne5 Bd5 24. Qd3 b6 25. Rc1 Rac8 26. Rbc2 Rxc2 27. Qxc2
Qa3 28. Qc3 Qd6 29. Qc7 Qa3 30. Qc3 Qd6 31. Qc7 1/2-1/2

[Event "DM Hurtigskak 2012"]
[Site "Middelfart"]
[Date "2012.09.30"]
[Round "2"]
[White "Kristensen, Kaare Hove"]
[Black "Munksgaard, Dennis"]
[Result "1-0"]
[WhiteElo "2339"]
[BlackElo "1917"]
[PlyCount "71"]
[EventDate "2012.??.??"]

1. e4 e5 2. Nf3 Nc6 3. d4 exd4 4. Nxd4 Nf6 5. Nxc6 bxc6 6. e5 Nd5 7. c4 Nb6 8.
Bd3 Bb4+ 9. Bd2 Bxd2+ 10. Nxd2 d5 11. O-O O-O 12. Qc2 h6 13. cxd5 cxd5 14. Nb3
Qe7 15. f4 Bb7 16. Rac1 c6 17. Nc5 Rac8 18. b4 Rc7 19. Nxb7 Rxb7 20. Qxc6 Nc4
21. Qxd5 Nd2 22. Bh7+ Kxh7 23. Qxd2 Rxb4 24. Rc7 Qxc7 25. Qxb4 Rb8 26. Qe4+ Kg8
27. f5 Qc5+ 28. Kh1 Rb4 29. Qe2 Qc4 30. Qe1 Rb6 31. h3 Qxa2 32. f6 g6 33. Qc1
Qa6 34. Rd1 Kh7 35. Rd8 g5 36. Qc2+ 1-0

[Event "DM Hurtigskak 2012"]
[Site "Middelfart"]
[Date "2012.09.30"]
[Round "2"]
[White "Dyrgaard, Kristoffer"]
[Black "Sloth, Jorn"]
[Result "1-0"]
[WhiteElo "2201"]
[BlackElo "2337"]
[PlyCount "64"]
[EventDate "2012.??.??"]

1. e4 c5 2. Nc3 g6 3. Nf3 Bg7 4. d4 cxd4 5. Nxd4 Nc6 6. Be3 Nf6 7. Bc4 O-O 8.
O-O b6 9. f4 Bb7 10. e5 Ne8 11. Bd5 Nc7 12. Bf3 f6 13. exf6 Bxf6 14. Ne4 Bxd4
15. Bxd4 Nxd4 16. Qxd4 Ne6 17. Qd2 Qc7 18. g3 Rad8 19. Rae1 Nc5 20. Ng5 Bxf3
21. Rxf3 e6 22. Rc3 Qb8 23. Qg2 h6 24. Nf3 Qb7 25. Ne5 Qxg2+ 26. Kxg2 Kg7 27.
b4 Na6 28. b5 Nc5 29. Ra3 Ra8 30. Rd1 Rfd8 31. Kf3 a5 32. bxa6 Rxa6 1-0

[Event "DM Hurtigskak 2012"]
[Site "Middelfart"]
[Date "2012.09.30"]
[Round "3"]
[White "Skovgaard, Peter Nicolai"]
[Black "Pedersen, Steffen"]
[Result "1-0"]
[WhiteElo "2293"]
[BlackElo "2415"]
[PlyCount "61"]
[EventDate "2012.??.??"]

1. e4 e5 2. Nf3 Nc6 3. Bb5 a6 4. Ba4 Nge7 5. O-O g6 6. c3 Bg7 7. d4 exd4 8.
cxd4 b5 9. Bb3 O-O 10. Nc3 d6 11. h3 Bb7 12. Bg5 Qd7 13. Rc1 Na5 14. Bxe7 Qxe7
15. Nd5 Qd8 16. Nxc7 Rc8 17. Nd5 Rxc1 18. Qxc1 Nxb3 19. axb3 f5 20. Ng5 Bh6 21.
Ne6 Bxc1 22. Nxd8 Rxd8 23. Rxc1 Bxd5 24. exd5 Re8 25. Kf1 Re4 26. Rc6 Rxd4 27.
Rxd6 a5 28. Ke2 Kf8 29. Rd7 Ke8 30. Rxh7 Rxd5 31. Rg7 1-0

[Event "DM Hurtigskak 2012"]
[Site "Middelfart"]
[Date "2012.09.30"]
[Round "3"]
[White "Dyrgaard, Kristoffer"]
[Black "Bromann, Thorbjorn"]
[Result "1-0"]
[WhiteElo "2201"]
[BlackElo "2361"]
[PlyCount "37"]
[EventDate "2012.??.??"]

1. e4 g6 2. d4 Bg7 3. Nc3 d6 4. Be3 a6 5. Qd2 Nd7 6. h4 h5 7. O-O-O b5 8. Nh3
Bb7 9. Ng5 e6 10. f4 Ngf6 11. Bd3 d5 12. f5 b4 13. fxe6 bxc3 14. exf7+ Ke7 15.
Qxc3 Nb6 16. e5 Ne4 17. Bxe4 dxe4 18. Qc5+ Kd7 19. e6+ 1-0

[Event "DM Hurtigskak 2012"]
[Site "Middelfart"]
[Date "2012.09.30"]
[Round "3"]
[White "Thybo, Jesper Sondergaard"]
[Black "Kristensen, Kaare Hove"]
[Result "0-1"]
[WhiteElo "1940"]
[BlackElo "2339"]
[PlyCount "62"]
[EventDate "2012.??.??"]

1. d4 d5 2. c4 e6 3. Nc3 c6 4. Nf3 Nf6 5. Bg5 dxc4 6. e4 b5 7. e5 h6 8. Bh4 g5
9. Nxg5 hxg5 10. Bxg5 Nbd7 11. g3 Bb7 12. exf6 c5 13. d5 Qb6 14. Bg2 O-O-O 15.
O-O b4 16. Ne2 Bxd5 17. Bxd5 Ne5 18. Be4 Rxd1 19. Rfxd1 Bh6 20. h4 Nd3 21. Rd2
Qc7 22. f4 Bxg5 23. hxg5 e5 24. Rf1 exf4 25. gxf4 Qd7 26. Rf3 Qg4+ 27. Rg3 Qh4
28. Bf5+ Kc7 29. Bh3 Nxf4 30. Nxf4 Qxg3+ 31. Kf1 Qxf4+ 0-1

[Event "DM Hurtigskak 2012"]
[Site "Middelfart"]
[Date "2012.09.30"]
[Round "3"]
[White "Boe, Mads"]
[Black "Glud, Jakob Vang"]
[Result "0-1"]
[WhiteElo "2356"]
[BlackElo "2506"]
[PlyCount "75"]
[EventDate "2012.??.??"]

1. d4 d5 2. Nf3 c6 3. c3 Nf6 4. Bf4 Nh5 5. Be5 Nd7 6. e3 Nxe5 7. Nxe5 Nf6 8.
Bd3 g6 9. O-O Bg7 10. f4 e6 11. Nd2 O-O 12. b4 Qe7 13. e4 dxe4 14. Nxe4 a5 15.
a3 Nd5 16. Qd2 Qc7 17. g3 axb4 18. axb4 Rxa1 19. Rxa1 f6 20. Nf3 e5 21. c4 Ne7
22. d5 cxd5 23. cxd5 Qb6+ 24. Nc5 e4 25. Re1 exf3 26. Rxe7 Qd6 27. Bc4 Kh8 28.
Qe3 b5 29. Bb3 Bh3 30. Kf2 g5 31. Ra7 gxf4 32. Qxf3 Qe5 33. gxf4 Qd4+ 34. Qe3
Qb2+ 35. Qe2 Qc1 36. Kg3 Bf5 37. d6 Bh6 38. Qf2 0-1

[Event "DM Hurtigskak 2012"]
[Site "Middelfart"]
[Date "2012.09.30"]
[Round "3"]
[White "Pedersen, Nicolai Vesterbaek"]
[Black "Skaanning Pedersen, Kim Henrik"]
[Result "1-0"]
[WhiteElo "2440"]
[BlackElo "2225"]
[PlyCount "23"]
[EventDate "2012.??.??"]

1. d4 Nf6 2. c4 b6 3. Nc3 Bb7 4. Qc2 d5 5. Nf3 g6 6. cxd5 Nxd5 7. Nxd5 Qxd5 8.
e3 Bg7 9. Qxc7 Na6 10. Qc4 Qd6 11. Qa4+ b5 12. Qxb5+ 1-0

[Event "DM Hurtigskak 2012"]
[Site "Middelfart"]
[Date "2012.09.30"]
[Round "3"]
[White "Fries Nielsen, Niels Jorgen"]
[Black "Andersen, Jackie"]
[Result "0-1"]
[WhiteElo "2295"]
[BlackElo "2333"]
[PlyCount "75"]
[EventDate "2012.??.??"]

1. d3 e5 2. g3 d5 3. Bg2 c6 4. Nf3 Bd6 5. O-O Nf6 6. c4 O-O 7. Bg5 Nbd7 8. Qc1
Re8 9. cxd5 cxd5 10. Nc3 h6 11. Bh4 Qb6 12. a4 a6 13. Qd2 Bb4 14. Qc1 Bf8 15.
h3 e4 16. a5 Qa7 17. Ne1 e3 18. f4 d4 19. Na4 Nh7 20. g4 Bb4 21. Qc4 Bxa5 22.
Nc2 b5 23. Qd5 Rb8 24. Nxd4 Nhf6 25. Bxf6 Nxf6 26. Qc5 Qc7 27. Qxc7 Bxc7 28.
Nc5 Rb6 29. g5 Nh5 30. f5 hxg5 31. Rac1 Bf4 32. Bc6 Rd8 33. Ncb3 Ng3 34. Rfe1
Nxf5 35. Nf3 Ne7 36. Be4 Bxh3 37. Na5 g4 38. Nh4 0-1

[Event "DM Hurtigskak 2012"]
[Site "Middelfart"]
[Date "2012.09.30"]
[Round "3"]
[White "Skytte, Rasmus"]
[Black "Pedersen, Gunnar"]
[Result "1-0"]
[WhiteElo "2396"]
[BlackElo "2217"]
[PlyCount "34"]
[EventDate "2012.??.??"]

1. e4 c5 2. c3 g6 3. d4 Bg7 4. Nf3 cxd4 5. cxd4 d5 6. e5 Bg4 7. Be3 Bxf3 8.
Qxf3 e6 9. Nc3 Ne7 10. Bd3 O-O 11. h4 h6 12. h5 g5 13. Bxg5 Nbc6 14. Bf6 Kh8
15. Bxg7+ Kxg7 16. Qf6+ Kg8 17. Rh4 Nb8 1-0

[Event "DM Hurtigskak 2012"]
[Site "Middelfart"]
[Date "2012.09.30"]
[Round "3"]
[White "Sloth, Jorn"]
[Black "Quist, Viggo Bove"]
[Result "1-0"]
[WhiteElo "2337"]
[BlackElo "2095"]
[PlyCount "53"]
[EventDate "2012.??.??"]

1. c4 c5 2. Nf3 Nc6 3. d4 cxd4 4. Nxd4 Nf6 5. Nc3 d5 6. cxd5 Nxd5 7. Nxc6 bxc6
8. Bd2 e5 9. g3 Be6 10. Bg2 Rc8 11. O-O Be7 12. Rc1 O-O 13. Na4 c5 14. b3 Qd7
15. Ba5 Nb4 16. Qxd7 Bxd7 17. Nc3 Nc6 18. Nd5 Bd6 19. Bc3 Nd4 20. Rfe1 Bb5 21.
Bf1 Rfe8 22. Ne3 f6 23. Nc4 Bf8 24. Bg2 Rcd8 25. e3 Nc6 26. Na3 Nb4 27. Bxb4
1-0

[Event "DM Hurtigskak 2012"]
[Site "Middelfart"]
[Date "2012.09.30"]
[Round "4"]
[White "Kristensen, Kaare Hove"]
[Black "Skovgaard, Peter Nicolai"]
[Result "1/2-1/2"]
[WhiteElo "2339"]
[BlackElo "2293"]
[PlyCount "126"]
[EventDate "2012.??.??"]

1. e4 c5 2. Nf3 d6 3. d4 cxd4 4. Nxd4 Nf6 5. Nc3 a6 6. Bg5 e6 7. f4 Nbd7 8. Qf3
Qc7 9. O-O-O b5 10. Bd3 Bb7 11. Rhe1 Qb6 12. Nd5 Qxd4 13. Bxf6 gxf6 14. Bxb5
Qc5 15. Nxf6+ Kd8 16. Nxd7 Qxb5 17. Nxf8 Rxf8 18. Qa3 Ke8 19. Qxd6 Rc8 20. Re3
Qc6 21. Qd2 Qc7 22. g3 f6 23. Rc3 Qe7 24. Rd3 Rc7 25. Rd8+ Kf7 26. Rd7 Rxd7 27.
Qxd7 Rc8 28. c3 Rc7 29. Qxe7+ Kxe7 30. Rd4 e5 31. Rb4 Bc6 32. Kd2 Rb7 33. Rxb7+
Bxb7 34. Ke3 a5 35. b3 h5 36. c4 Kd6 37. a3 Kc5 38. h3 Bc8 39. f5 a4 40. bxa4
Kxc4 41. g4 h4 42. a5 Kb5 43. Kf3 Kxa5 44. g5 fxg5 45. Kg4 Kb5 46. Kxg5 Kc4 47.
Kg4 Kd4 48. Kxh4 Kxe4 49. f6 Be6 50. Kg5 Kd3 51. h4 e4 52. h5 e3 53. h6 e2 54.
h7 e1=Q 55. h8=Q Qg3+ 56. Kh6 Qf4+ 57. Kg7 Qg5+ 58. Kf8 Qc5+ 59. Kg7 Qc7+ 60.
Kh6 Qf4+ 61. Kg7 Qc7+ 62. Kh6 Qc1+ 63. Kg7 Qc7+ 1/2-1/2

[Event "DM Hurtigskak 2012"]
[Site "Middelfart"]
[Date "2012.09.30"]
[Round "4"]
[White "Andersen, Jackie"]
[Black "Dyrgaard, Kristoffer"]
[Result "1-0"]
[WhiteElo "2333"]
[BlackElo "2201"]
[PlyCount "61"]
[EventDate "2012.??.??"]

1. d4 Nf6 2. Nf3 g6 3. c4 Bg7 4. Nc3 d5 5. Bf4 O-O 6. e3 dxc4 7. Bxc4 c5 8.
dxc5 Qa5 9. Nd2 Qxc5 10. Rc1 Bg4 11. f3 Bf5 12. Nb5 Qb6 13. Nc7 Nc6 14. Nxa8
Rxa8 15. Qb3 Qxb3 16. Nxb3 e5 17. Bg5 e4 18. Nc5 exf3 19. gxf3 Ne5 20. Be2 b6
21. Nb3 h6 22. Bh4 Bh3 23. Kf2 g5 24. Bg3 Nd5 25. Rhd1 Be6 26. Nd4 Nd7 27. Nxe6
fxe6 28. e4 N5f6 29. Rc7 Nc5 30. b4 Na6 31. Bxa6 1-0

[Event "DM Hurtigskak 2012"]
[Site "Middelfart"]
[Date "2012.09.30"]
[Round "4"]
[White "Glud, Jakob Vang"]
[Black "Pedersen, Nicolai Vesterbaek"]
[Result "1-0"]
[WhiteElo "2506"]
[BlackElo "2440"]
[PlyCount "75"]
[EventDate "2012.??.??"]

1. c4 e5 2. g3 Nf6 3. Bg2 d5 4. cxd5 Nxd5 5. Nf3 Nc6 6. O-O Nb6 7. d3 Be7 8.
Nbd2 O-O 9. a3 Be6 10. b4 a6 11. Bb2 f6 12. Rc1 a5 13. b5 Na7 14. a4 c6 15.
bxc6 Nxc6 16. Ne4 Nb4 17. d4 Bd5 18. Nc3 e4 19. Nd2 f5 20. g4 g6 21. gxf5 gxf5
22. Kh1 Kh8 23. Nxd5 N4xd5 24. Nc4 Nxc4 25. Rxc4 Ra6 26. Rc5 Rh6 27. Qb3 Qb8
28. h3 Bxc5 29. dxc5+ Nf6 30. Rd1 Rd8 31. Rxd8+ Qxd8 32. Qe6 Kg7 33. Qxf5 Qd2
34. Be5 Rg6 35. Kh2 Qxe2 36. Qd7+ Kh6 37. Bf4+ Kh5 38. Qf5+ 1-0

[Event "DM Hurtigskak 2012"]
[Site "Middelfart"]
[Date "2012.09.30"]
[Round "4"]
[White "Pedersen, Steffen"]
[Black "Sloth, Jorn"]
[Result "1-0"]
[WhiteElo "2415"]
[BlackElo "2337"]
[PlyCount "87"]
[EventDate "2012.??.??"]

1. d4 e6 2. c4 Bb4+ 3. Nc3 b6 4. Qb3 c5 5. e3 Ne7 6. a3 Ba5 7. Nf3 O-O 8. Bd2
d5 9. Qc2 Ba6 10. Bd3 h6 11. dxc5 bxc5 12. Na4 Bxd2+ 13. Nxd2 Nd7 14. O-O Rc8
15. Rfd1 Qc7 16. Bf1 d4 17. exd4 cxd4 18. b4 Bb7 19. Nb3 e5 20. Nac5 Nxc5 21.
Nxc5 Ba8 22. Re1 Ng6 23. Bd3 Nf4 24. Be4 Bxe4 25. Qxe4 Rfe8 26. Rac1 g6 27. g3
Nh3+ 28. Kf1 Ng5 29. Qb7 e4 30. Qxc7 Rxc7 31. Rcd1 e3 32. fxe3 Nf3 33. exd4
Nxe1 34. Rxe1 Rxe1+ 35. Kxe1 Kf8 36. Kd2 Ke7 37. Kd3 Kd8 38. d5 Re7 39. Ne4 f5
40. Nd6 Re1 41. c5 a6 42. Kd4 h5 43. c6 Kc7 44. Nc4 1-0